000 00388 a2200169 4500
001 189043
020 _a85-01-07209-5
040 _cMagnum
100 _aByng, Georgia
240 1 0 _aMolly moon conquista hollywood
_lpor
245 1 0 _aMolly moon conquista hollywood
300 _a351
362 0 _a2006
440 1 _aRecord
697 _aLITERATURA JUVENIL ESTRANGEIRA
942 _cBK
999 _c189043
_d189043